<?xml version="1.0" encoding="UTF-8"?>
<record
    xmlns:xsi="http://www.w3.org/2001/XMLSchema-instance"
    xsi:schemaLocation="http://www.loc.gov/MARC21/slim http://www.loc.gov/standards/marcxml/schema/MARC21slim.xsd"
    xmlns="http://www.loc.gov/MARC21/slim">

  <leader>01573nam a22001457a 4500</leader>
  <datafield tag="041" ind1=" " ind2=" ">
    <subfield code="a">ENG</subfield>
  </datafield>
  <datafield tag="082" ind1=" " ind2=" ">
    <subfield code="a">294.5</subfield>
    <subfield code="b">DAS</subfield>
  </datafield>
  <datafield tag="100" ind1=" " ind2=" ">
    <subfield code="a">Das Rasamandala</subfield>
  </datafield>
  <datafield tag="245" ind1=" " ind2=" ">
    <subfield code="a">HINDUISM: Faith &amp; Practice</subfield>
  </datafield>
  <datafield tag="260" ind1=" " ind2=" ">
    <subfield code="a">London,</subfield>
    <subfield code="b">Southwater,</subfield>
    <subfield code="c">2014</subfield>
  </datafield>
  <datafield tag="300" ind1=" " ind2=" ">
    <subfield code="a">160</subfield>
  </datafield>
  <datafield tag="520" ind1=" " ind2=" ">
    <subfield code="a">This title deals with the Four Paths, Deities, Sacred Places, and Hinduism Today. It is a guide to the philosophy and beliefs of Hinduism, illustrated with over 320 photographs. It explores how Hindu thought and spirituality are expressed though worship, dress, cuisine, philosophy, architecture, story, myth and the performing arts. "This illustrated encyclopedia of Hinduism provides a highly readable and comprehensive introduction to Hinduism. Rasamandala Das presents a lively account." (Professor Gavin Flood, Academic Director of the Oxford Centre for Hindu Studies). A magnificent introduction to the world of Hinduism and its vibrant culture, this inspirational book focuses on spiritual practices and those activities that nurture faith, wisdom and communion with the Supreme. It reveals the four main paths of action, knowledge, meditation and devotion, the fascinating array of Hindu deities, and practices that celebrate sacred time and place. The book analyses ways in which Hindus engage with this world through to the present day, and how their spirituality has been expressed and organized. It provides the perfect opportunity for anyone wishing to further explore the compelling faith and culture that is Hinduism</subfield>
  </datafield>
  <datafield tag="650" ind1=" " ind2=" ">
    <subfield code="a"> Hinduism </subfield>
    <subfield code="a">Hinduism RELIGION </subfield>
    <subfield code="a"> Hinduism History</subfield>
  </datafield>
  <datafield tag="942" ind1=" " ind2=" ">
    <subfield code="c">BK</subfield>
  </datafield>
  <datafield tag="999" ind1=" " ind2=" ">
    <subfield code="c">23471</subfield>
    <subfield code="d">23471</subfield>
  </datafield>
</record>
